000 00676nam a2200181Ia 4500
008 090124s9999 xx 000 0 und d
082 _b26132
_a2723
100 _aबारपांडे मृण्मयी
245 _a लाखाची गोष्ट पाच बालनाटिका
250 _a1
260 _c1990
300 _a92
600 _aबारपांडे मृण्मयी
630 _a लाखाची गोष्ट पाच बालनाटिका
700 _aबारपांडे मृण्मयी
730 _a लाखाची गोष्ट पाच बालनाटिका
942 _cBOOK
999 _c139615
_d139615